• 首页
  • 本馆介绍
  • 公告通知
  • 最新文献
  • 馆藏检索
  • 电子资源
  • 读者导购
  • 参考咨询
  • 我的图书馆
  • 登录
  • 详细信息显示
  • 放入我的书架
  • 预约/预借图书
  • 作者相关作品
  • 分类相关作品
  • 丛书相关作品
  • 出版社相关作品

书目信息

  • 表格格式
  • 工作单格式
  • 卡片格式
题名:
微花园
    
 
作者: 松山美纱 著 ;毛德龙 译
分册:  
出版信息: 北京   电子工业出版社  2014
页数: 143页
开本: 24cm
丛书名:
单 册:
中图分类: S682.33
科图分类:
主题词: 仙人掌科--观赏园艺 , 仙人掌科 , 观赏园艺
电子资源:
ISBN: 978-7-121-21526-1
000 00966nam0 2200289 450
001 012015000488
005 20150914162512.21
010    @a978-7-121-21526-1@dCNY49.80
100    @a20140702d2014 em y0chiy50 ea
101 1  @achi@cjpn
102    @aCN@b110000
105    @aa z 000yy
106    @ar
200 1  @a微花园@AWei Hua Yuan@e玩种人气多肉植物@f(日)松山美纱著@g毛德龙译
210    @a北京@c电子工业出版社@d2014
215    @a143页@c彩图@d24cm
305    @aGraphic-sha Published Co. , Ltd.授权出版
330    @a本书详细介绍了不同多肉植物的种类及习性,更重要的是书中还列举出营造不同氛围的多肉植物,从而进行好玩又好看的多肉植物混搭盆栽。
517 1  @a玩种人气多肉植物
606 0  @a仙人掌科@x观赏园艺
606 0  @a仙人掌科
606 0  @a观赏园艺
690    @aS682.33@v5
701  0 @c(日)@a松山美纱@ASong Shan Mei Sha@c(女,@f1978~)@4著
702  0 @a毛德龙@AMao De Long@4译
801  0 @aCN@b碧洲教育@c20150716
905    @a10447@f4@dS682.33@e361
    
    微花园:玩种人气多肉植物/(日)松山美纱著/毛德龙译.-北京:电子工业出版社,2014
    143页:彩图;24cm
    
    
    ISBN 978-7-121-21526-1:CNY49.80
    本书详细介绍了不同多肉植物的种类及习性,更重要的是书中还列举出营造不同氛围的多肉植物,从而进行好玩又好看的多肉植物混搭盆栽。
●
相关链接 在E读中查询图书 在五车中查询图书 在当当中查询图书 在豆瓣中查询图书


正题名:微花园     索取号:S682.33/361         预约/预借

序号 登录号 条形码 馆藏地/架位号 状态 备注
1 0849175   208491755   第二样本阅览室/ [索取号:S682.33/361] 在馆    
2 0849176   208491764   第三借阅区/ [索取号:S682.33/361] 在馆    
3 0849177   208491773   第三借阅区/ [索取号:S682.33/361] 在馆    
4 0849178   208491782   密集书库-生命科学系/ [索取号:S682.33/361] 在馆    
欢迎您!
大连网信软件有限公司© 版权所有